Giocatori più costosi di sempre - Statistics

Statistiche generali
  • Questo quiz è stato fatto 77 volte
  • Il punteggio medio è 30 su 50
Statistiche sulle risposte
SQUADRA ACQUIRENTE GIOCATORE PREZZO SQUADRA PRECEDENTE % Corretto
PSG MBAPPE 180 MONACO
97%
JUVE RONALDO 117 REAL
95%
REAL RONALDO 94 UNITED
95%
PSG NEYMAR 222 BARCA
94%
AL HILAL NEYMAR 90 PSG
94%
BARCA NEYMAR 88 SANTOS
94%
JUVE HIGUAIN 90 NAPOLI
79%
BARCA COUTINHO 135 LIVERPOOL
76%
BARCA DEMBELE 135 BVB
76%
UNITED POGBA 105 JUVE
73%
JUVE VLAHOVIC 83 FIORENTINA
73%
ATLETICO FELIX 127 BENFICA
71%
BARCA DE JONG 86 AJAX
70%
JUVE DE LIGT 85 AJAX
70%
BARCA GRIEZMANN 120 ATLETICO
70%
BAYERN KANE 95 TOTTENHAM
70%
CHELSEA LUKAKU 113 INTER
70%
UNITED LUKAKU 84 EVERTON
70%
INTER LUKAKU 74 UNITED
70%
CITY GREALISH 117 ASTON VILLA
68%
ARSENAL RICE 116 WEST HAM
67%
CHELSEA FERNANDEZ 121 BENFICA
65%
REAL BALE 101 TOTTENHAM
63%
REAL HAZARD 115 CHELSEA
62%
NAPOLI OSIMHEN 75 LILLE
62%
REAL BELLINGHAM 103 BVB
59%
UNITED HOJLUND 73 ATALANTA
59%
CHELSEA CAICEDO 116 BRIGHTON
57%
LIVERPOOL NUNEZ 85 BENFICA
56%
LIVERPOOL VAN DIJK 84 SOUTHAMPTON
56%
UNITED ANTONY 95 AJAX
52%
JUVE ARTHUR 80 BARCA
52%
UNITED SANCHO 85 BVB
52%
UNITED MAGUIRE 87 LEICESTER
51%
CITY DE BRUYNE 76 WOLFSBURG
49%
CITY GVARDIOL 90 LIPSIA
48%
PSG KOLO MUANI 95 FRANCOFORTE
48%
BARCA SUAREZ 81 LIVERPOOL
48%
CHELSEA HAVERTZ 80 LEVERKUSEN
44%
ARSENAL HAVERTZ 75 CHELSEA
44%
REAL TCHOUAMENI 80 MONACO
41%
CHELSEA KEPA 80 BILBAO
40%
REAL ZIDANE 77 JUVE
38%
CITY DIAS 71 BENFICA
37%
ARSENAL PEPE 80 LILLE
35%
BAYERN HERNANDEZ 80 ATLETICO
25%
UNITED DI MARIA 75 REAL
24%
CHELSEA FOFANA 80 LEICESTER
21%
ATLETICO LEMAR 72 MONACO
21%
REAL RODRIGUEZ 75 MONACO
14%
Nessun quiz corrispondente trovato
Distribuzione punteggi
Percentuale di utenti per punteggio
Percentile per numero di risposta
I tuoi punteggi nel tempo
Non hai fatto questo quiz